Doing Better Business Through Effective Public Consultation and Disclosure / (Record no. 529596)

000 -LEADER
fixed length control field 00328nam a22001217a 4500
020 ## - INTERNATIONAL STANDARD BOOK NUMBER
Qualifying information P/B
082 ## - DEWEY DECIMAL CLASSIFICATION NUMBER
Classification number 659.2
Author Mark DOI
100 ## - MAIN ENTRY--PERSONAL NAME
Personal name IFC
245 ## - TITLE STATEMENT
Title Doing Better Business Through Effective Public Consultation and Disclosure /
Statement of responsibility, etc. IFC
300 ## - PHYSICAL DESCRIPTION
Extent 74 p.
942 ## - ADDED ENTRY ELEMENTS (KOHA)
Source of classification or shelving scheme
Koha item type Book
Holdings
Withdrawn status Lost status Source of classification or shelving scheme Damaged status Not for loan Permanent Location Current Location Shelving location Date acquired Full call number Barcode Date last seen Price effective from Koha item type
          Central Library (CL) Central Library (CL) Business Communication 09/28/2019 659.2 DOI NBS1525 09/28/2019 09/28/2019 Book
© 2023 Central Library, National University of Sciences and Technology. All Rights Reserved.